000 00283nam a22001337a 4500
008 170627b xxu||||| |||| 00| 0 eng d
020 _a9780558738464
041 _aeng
080 _a82
100 _a21
101 _aGJL
245 _aCLASSICAL MYTH
_cPOWELL,B,B
942 _2udc
_cBK
999 _c19260
_d19260